Doradztwo organizacyjne w przedsiebiorstwie przemyslowym.

Kedy a prečo sa používa poradenská služba? Aké podmienky treba zaistiť pre účinnú a efektívnu poradenskú službu? Povinnosti poradenskej služby. Organizácia poradenskej činnosti v podniku. Výskum konzultačného procesu. Stanovenie podmienok spolupráce. Algoritmus riešenia problému. Ako môže konzultant...

Ausführliche Beschreibung

Gespeichert in:
Bibliographische Detailangaben
1. Verfasser: Zbichorski, Z.
Format: Buchkapitel
Sprache:Polnisch
Schlagworte:
Tags: Tag hinzufügen
Keine Tags, Fügen Sie das erste Tag hinzu!

MARC

LEADER 00000naa a2200000 4500
001 r004827
005 20221125122415.6
041 0 |a pol 
044 |a PL 
245 1 0 |a Doradztwo organizacyjne w przedsiebiorstwie przemyslowym.  |c Z. Zbichorski 
520 |a Kedy a prečo sa používa poradenská služba? Aké podmienky treba zaistiť pre účinnú a efektívnu poradenskú službu? Povinnosti poradenskej služby. Organizácia poradenskej činnosti v podniku. Výskum konzultačného procesu. Stanovenie podmienok spolupráce. Algoritmus riešenia problému. Ako môže konzultant pomáhať pri riešení problému? 
610 2 0 |a poradenstvo 
610 2 0 |a podnik priemyselný 
100 1 |a Zbichorski, Z.